Migrant reception centres and coercive social control: Rule by legal uncertainty? (Record no. 530967)
[ view plain ]
| 000 -LEADER | |
|---|---|
| fixed length control field | 01566nam a22001457a 4500 |
| 008 - FIXED-LENGTH DATA ELEMENTS--GENERAL INFORMATION | |
| fixed length control field | 250722b ||||| |||| 00| 0 eng d |
| 100 ## - MAIN ENTRY--PERSONAL NAME | |
| Personal name | Leroy, Isabella |
| 245 ## - TITLE STATEMENT | |
| Title | Migrant reception centres and coercive social control: Rule by legal uncertainty? |
| 260 ## - PUBLICATION, DISTRIBUTION, ETC. (IMPRINT) | |
| Place of publication, distribution, etc | Social & Legal Studies |
| 300 ## - PHYSICAL DESCRIPTION | |
| Extent | 34(3), Jun, 2025: p.402-420 |
| 520 ## - SUMMARY, ETC. | |
| Summary, etc | Large-scale accommodation for refugees and migrants is often approached from a humanitarian angle, examining the reception conditions on the ground. However, scholars have long shown how such care-providing spaces are also sites of social control. A close examination of the legal framework of an accommodation centre for migrants in Spain, the CETI of Melilla, finds that beyond the content of the law, it is also necessary to examine the nature of the laws framing refugee camps to understand how social control is exerted. While hard law provides a vague legal basis, the reception centre is primarily governed by a patch-work of rapidly evolving soft law emanating primarily from the executive branch. Social control in the form of coercion is facilitated by the law, but not in the form of a strong punitive legal framework, as may be expected. Instead, an effective restriction of the rights of residents is enabled through legal uncertainty.-Reproduced https://journals.sagepub.com/doi/full/10.1177/09646639241228963 |
| 650 ## - SUBJECT ADDED ENTRY--TOPICAL TERM | |
| Topical term or geographic name as entry element | Migrant accommodation, Refugee camp, Social control, Legal informalism, Legal uncertainty, Discretion. |
| 9 (RLIN) | 55517 |
| 773 ## - HOST ITEM ENTRY | |
| Main entry heading | Social & Legal Studies |
| 942 ## - ADDED ENTRY ELEMENTS (KOHA) | |
| Item type | Articles |
| Withdrawn status | Lost status | Source of classification or shelving scheme | Damaged status | Not for loan | Permanent location | Current location | Date acquired | Serial Enumeration / chronology | Barcode | Date last seen | Koha item type |
|---|---|---|---|---|---|---|---|---|---|---|---|
| Indian Institute of Public Administration | Indian Institute of Public Administration | 2025-07-22 | 34(3), Jun, 2025: p.402-420 | AR136687 | 2025-07-22 | Articles |
